Teoretické aspekty postupu řešení negativních důsledků rizik pomocí pojištění

Riziká podnikateľských subjektov. Riadenie a zvládanie rizika v podnikateľskej činnosti. Profil rizík podnikateľských subjektov. Možný prístup riešenia negatívnych dôsledkov rizík.

Salvato in:
Dettagli Bibliografici
Autore principale: Martinovičová, Dana
Natura: Capitolo di libro
Lingua:ceco
Soggetti:
Tags: Aggiungi Tag
Nessun Tag, puoi essere il primo ad aggiungerne!!

MARC

LEADER 00000naa$a2200000$$$4500
001 0066521
005 20231107071749.0
041 0 |a cze 
044 |a CZ 
245 1 0 |a Teoretické aspekty postupu řešení negativních důsledků rizik pomocí pojištění  |c Dana Martinovičová 
520 |a Riziká podnikateľských subjektov. Riadenie a zvládanie rizika v podnikateľskej činnosti. Profil rizík podnikateľských subjektov. Možný prístup riešenia negatívnych dôsledkov rizík. 
610 2 0 |a riziko 
610 2 0 |a poistenie 
610 2 0 |a riadenie rizík 
610 2 0 |a podnikatelia 
100 1 |a Martinovičová, Dana